| 000 | 00623nam a22002057a 4500 | ||
|---|---|---|---|
| 001 | BD-DhSAU 3801 | ||
| 003 | BD-DhSAU | ||
| 005 | 20150210111500.0 | ||
| 008 | 150210s1949 - a||||r|||| 001 0 eng d | ||
| 040 | _aBD-DhSAU | ||
| 082 |
_222 _a371.355 _bWEV |
||
| 100 | _aWeaver, Gilbert G | ||
| 245 |
_aVisual aids : _btheir construction and Use / _cGilbert G Weaver & Elroy W Bollinger |
||
| 260 |
_aNew York : _bD. Van Nostrand Co. INC. , _cc1949. |
||
| 300 |
_a388 p. : _bill. ; _c24 cm. |
||
| 504 | _aIncludes bibliographical references and index. | ||
| 590 | _aerfat | ||
| 650 | _aSociology. | ||
| 700 | _aBollinger, Elroy W | ||
| 942 |
_2ddc _cBOOK |
||
| 999 |
_c3801 _d3801 |
||